Ventilation and indoor air quality in schools (Record no. 104827)
[ view plain ]
| 000 -LEADER | |
|---|---|
| fixed length control field | 00982cam a2200241 4500 |
| 001 - CONTROL NUMBER | |
| control field | ##L131754 |
| 008 - FIXED-LENGTH DATA ELEMENTS--GENERAL INFORMATION | |
| fixed length control field | 051206n2005 000 0 eng u |
| 020 ## - INTERNATIONAL STANDARD BOOK NUMBER | |
| International Standard Book Number | 1860817513 |
| 035 ## - SYSTEM CONTROL NUMBER | |
| System control number | (Sirsi) u131754 |
| 041 0# - LANGUAGE CODE | |
| Language code of text/sound track or separate title | eng |
| 050 04 - LIBRARY OF CONGRESS CALL NUMBER | |
| Classification number | 727.1 69792 $2 18 |
| 100 1# - MAIN ENTRY--PERSONAL NAME | |
| Personal name | Kukadia, Vina |
| 245 00 - TITLE STATEMENT | |
| Title | Ventilation and indoor air quality in schools |
| 260 ## - PUBLICATION, DISTRIBUTION, ETC. | |
| Place of publication, distribution, etc. | Watford |
| Name of publisher, distributor, etc. | BRE |
| Date of publication, distribution, etc. | 2005 |
| 300 ## - PHYSICAL DESCRIPTION | |
| Extent | 8p |
| Other physical details | graphs tables |
| Dimensions | 30cm |
| 490 #0 - SERIES STATEMENT | |
| Series statement | BRE Information Paper |
| Volume/sequential designation | IP 6/05 |
| 520 ## - SUMMARY, ETC. | |
| Summary, etc. | Discusses the results of an ODPM study on ventilation and indoor air quality (IAQ) in eight primary school classrooms built post-1995. The study revealed that many of the classrooms did not achieve the minimum background ventilation rate unless windows were opened. IAQ parameters were generally within guidelines. |
| 650 24 - SUBJECT ADDED ENTRY--TOPICAL TERM | |
| Topical term or geographic name entry element | SCHOOL PREMISES REGULATIONS 1999 |
| 690 ## - LOCAL SUBJECT ADDED ENTRY--TOPICAL TERM (OCLC, RLIN) | |
| Topical term or geographic name as entry element | PROPERTY-OTHER PROPERTY TYPES-SCHOOL PROPERTY-SCHOOLS |
| 700 1# - ADDED ENTRY--PERSONAL NAME | |
| Personal name | Ajiboye, P. |
| 700 1# - ADDED ENTRY--PERSONAL NAME | |
| Personal name | White, M. |
| 942 ## - ADDED ENTRY ELEMENTS (KOHA) | |
| Suppress in OPAC | 0 |
| Withdrawn status | Lost status | Source of classification or shelving scheme | Damaged status | Not for loan | Home library | Current library | Shelving location | Date acquired | Total Checkouts | Full call number | Barcode | Date last seen | Copy number | Price effective from | Koha item type |
|---|---|---|---|---|---|---|---|---|---|---|---|---|---|---|---|
| Dewey Decimal Classification | London | London | BRE publications | 06/12/2005 | ENQUIRY DESK | 30061289 | 06/08/2019 | 1 | 06/08/2019 | Book |